Thần thoại Hy Lạp
v.v...
Đã lưu trong:
| Tác giả chính: | |
|---|---|
| Định dạng: | Sách |
| Năm xuất bản: |
H.
Văn học
1997
|
| Chủ đề: | |
| Tags: |
Thêm thẻ
Không có thẻ, Hãy là người đầu tiên gắn thẻ bản ghi này!
|
| LEADER | 02524nam a2200277 4500 | ||
|---|---|---|---|
| 082 | |a 398.209495 |b PH105NG | ||
| 100 | |a Phan Ngọc | ||
| 245 | |a Thần thoại Hy Lạp |c Phan Ngọc | ||
| 260 | |a H. |b Văn học |c 1997 | ||
| 300 | |a 292 tr. |c 21 cm. | ||
| 520 | |a v.v... | ||
| 653 | |a văn học dân gian | ||
| 653 | |a Thần thoại | ||
| 653 | |a Hy Lạp | ||
| 942 | |2 ddc |c STK0 | ||
| 999 | |c 8267 |d 8267 | ||
| 952 | |0 0 |1 0 |2 ddc |4 0 |6 398_209495000000000_PH105NG |7 0 |8 300 |9 69566 |a qbu |b qbu |c D2 |d 2015-04-06 |g 58000 |l 1 |o 398.209495 PH105NG |p 8223.c1 |r 2015-11-23 |s 2015-11-23 |w 2015-04-06 |y STK0 |0 0 |6 398_209495000000000_PH105NG | ||
| 952 | |0 0 |1 0 |2 ddc |4 0 |6 398_209495000000000_PH105NG |7 0 |8 300 |9 69567 |a qbu |b qbu |c D2 |d 2015-04-06 |g 58000 |l 5 |o 398.209495 PH105NG |p 8223.c2 |r 2018-01-29 |s 2018-01-11 |w 2015-04-06 |y STK0 |0 0 |6 398_209495000000000_PH105NG | ||
| 952 | |0 0 |1 0 |2 ddc |4 0 |6 398_209495000000000_PH105NG |7 0 |8 300 |9 69568 |a qbu |b qbu |c D2 |d 2015-04-06 |g 58000 |l 2 |m 2 |o 398.209495 PH105NG |p 8223.c3 |r 2018-01-19 |s 2018-01-11 |w 2015-04-06 |y STK0 |0 0 |6 398_209495000000000_PH105NG | ||
| 952 | |0 0 |1 0 |2 ddc |4 0 |6 398_209495000000000_PH105NG |7 0 |8 300 |9 69569 |a qbu |b qbu |c D2 |d 2015-04-06 |g 58000 |l 3 |m 1 |o 398.209495 PH105NG |p 8223.c4 |r 2018-01-31 |s 2018-01-11 |w 2015-04-06 |y STK0 |0 0 |6 398_209495000000000_PH105NG | ||
| 952 | |0 0 |1 0 |2 ddc |4 0 |6 398_209495000000000_PH105NG |7 0 |8 300 |9 69570 |a qbu |b qbu |c D2 |d 2015-04-06 |g 58000 |l 5 |m 2 |o 398.209495 PH105NG |p 8223.c5 |r 2018-02-08 |s 2018-01-19 |w 2015-04-06 |y STK0 |0 0 |6 398_209495000000000_PH105NG | ||
| 952 | |0 0 |1 0 |2 ddc |4 0 |6 398_209495000000000_PH105NG |7 0 |8 300 |9 69571 |a qbu |b qbu |c D2 |d 2015-04-06 |g 58000 |l 8 |m 3 |o 398.209495 PH105NG |p 8223.c6 |r 2018-02-08 |s 2018-01-11 |w 2015-04-06 |y STK0 |0 0 |6 398_209495000000000_PH105NG | ||
| 952 | |0 0 |1 0 |2 ddc |4 0 |6 398_209495000000000_PH105NG |7 0 |8 300 |9 69572 |a qbu |b qbu |c D2 |d 2015-04-06 |g 58000 |l 5 |m 3 |o 398.209495 PH105NG |p 8223.c7 |r 2018-01-30 |s 2018-01-11 |w 2015-04-06 |y STK0 |0 0 |6 398_209495000000000_PH105NG | ||
| 952 | |0 0 |1 0 |2 ddc |4 0 |6 398_209495000000000_PH105NG |7 0 |8 300 |9 69573 |a qbu |b qbu |c D2 |d 2015-04-06 |g 58000 |l 5 |m 2 |o 398.209495 PH105NG |p 8223.c8 |r 2018-02-09 |s 2018-01-19 |w 2015-04-06 |y STK0 |0 0 |6 398_209495000000000_PH105NG | ||
| 952 | |0 0 |1 0 |2 ddc |4 0 |6 398_209495000000000_PH105NG |7 0 |8 300 |9 76995 |a qbu |b qbu |c D2 |d 2015-06-10 |g 58000 |l 4 |o 398.209495 PH105NG |p 8223.c9 |r 2016-04-15 |s 2016-04-07 |w 2015-06-10 |y STK0 |0 0 |6 398_209495000000000_PH105NG | ||
| 952 | |0 0 |1 0 |2 ddc |4 0 |6 398_209495000000000_PH105NG |7 0 |8 300 |9 92307 |a qbu |b qbu |c D2 |d 2015-08-31 |g 58000 |l 2 |m 1 |o 398.209495 PH105NG |p 8223.c10 |r 2018-02-08 |s 2018-01-11 |w 2015-08-31 |y STK0 |0 0 |6 398_209495000000000_PH105NG | ||